[Event "Verona-chT Serie C/9 51st"]
[Site "Verona"]
[Date "2019.03.17"]
[Round "5.3"]
[White "Bonoldi, Fabio"]
[Black "Pento, Carlo"]
[Result "0-1"]
[WhiteElo "1817"]
[BlackElo "1835"]
[PlyCount "74"]
[EventDate "2019.03.15"]
[EventType "team-tourn"]
[EventRounds "5"]
[EventCountry "ITA"]
[SourceTitle "EXT 2022"]
[Source "ChessBase"]
[SourceDate "2021.10.06"]
[SourceVersion "1"]
[SourceVersionDate "2021.10.06"]
[SourceQuality "1"]
[WhiteTeam "Lodi Wasken Boys"]
[BlackTeam "Rovigo"]
[WhiteTeamCountry "ITA"]
[BlackTeamCountry "ITA"]

1. c4 e5 2. g3 Nc6 3. Bg2 Bc5 4. e3 Nge7 5. Ne2 d6 6. a3 a6 7. 0-0 Rb8 8. b4 Ba7 9. Bb2 Be6 10. d3 Qd7 11. Nbc3 Bh3 12. b5 Bxg2 13. Kxg2 axb5 14. cxb5 Nd8 15. a4 Ne6 16. Ng1 0-0 17. Qe2 Ng6 18. Rfc1 Ra8 19. Nf3 Nc5 20. Ra3 Rae8 21. Qc2 f5 22. d4 exd4 23. exd4 Ne6 24. Nd5 Bb8 25. h4 f4 26. h5 fxg3 27. fxg3 Ne7 28. Nxe7+ Rxe7 29. Rf1 h6 30. Bc1 Ba7 31. Qd3 Ref7 32. a5 Nxd4 33. Bf4 Rxf4 34. gxf4 Qg4+ 35. Kh2 Qxf4+ 36. Kh1 Rf5 37. Nxd4 Rxh5+ 0-1